[Event "36th Rubinstein Memorial"]
[Site "Polanica Zdroj POL"]
[Date "1999.08.26"]
[Round "9"]
[White "Sutovsky, Emil"]
[Black "Onischuk, Alexander"]
[WhiteElo "2587"]
[BlackElo "2657"]
[Result "0-1"]
[EventDate "1999.08.17"]
[PlyCount "73"]
1. e4 e5 2. Nf3 Nc6 3. d4 exd4 4. Nxd4 Bb4+ 5. c3 Bc5 6. Be3 Bb6 7. Nxc6 bxc6 8. Bd4 Nf6 9. e5 Nd5 10. Bc4 O-O 11. O-O d6 12. a4 Be6 13. a5 Bxd4 14. Qxd4 Qg5 15. Re1 Nf4 16. g3 Nh3+ 17. Kg2 c5 18. Qe3 Bxc4 19. Kxh3 Qh5+ 20. Kg2 Bd5+ 21. Kg1 Rae8 22. f4 f6 23. Qd3 Qf7 24. e6 Rxe6 25. Na3 Rfe8 26. Rxe6 Qxe6 27. Rd1 Bc6 28. Qc4 Qxc4 29. Nxc4 d5 30. Na3 Re2 31. b4 d4 32. b5 Bf3 33. cxd4 Rg2+ 34. Kf1 Ra2 35. Rc1 Rxa3 36. a6 cxd4 37. Kf2 0-1

[Event "36th Rubinstein Memorial"]
[Site "Polanica Zdroj POL"]
[Date "1999.08.26"]
[Round "9"]
[White "Van Wely, Loek"]
[Black "Milov, Vadim"]
[WhiteElo "2629"]
[BlackElo "2626"]
[Result "1/2-1/2"]
[EventDate "1999.08.17"]
[PlyCount "102"]
1. d4 d5 2. c4 dxc4 3. Nf3 a6 4. e3 e6 5. Bxc4 c5 6. dxc5 Qxd1+ 7. Kxd1 Bxc5 8. b3 Nf6 9. Nbd2 b6 10. Bb2 Bb7 11. Ke2 Nbd7 12. g4 h6 13. Rhg1 g5 14. Ne5 Nxe5 15. Bxe5 Ke7 16. Bd3 Rhc8 17. a3 Nd7 18. Bg3 Bd6 19. Bxd6+ Kxd6 20. Rac1 Rxc1 21. Rxc1 Rc8 22. Rxc8 Bxc8 23. b4 Ne5 24. Nc4+ Nxc4 25. Bxc4 Ke5 26. Kd2 f5 27. gxf5 exf5 28. Bd3 a5 29. bxa5 bxa5 30. Kc3 f4 31. Kd2 Bg4 32. Bb5 Bf3 33. Ba6 Be4 34. Bb5 Bd5 35. Bd3 Bc6 36. Bc2 Bb5 37. Bg6 Ba6 38. Bc2 Bb7 39. Bd3 Bd5 40. Bc2 Bf7 41. Bd3 Be6 42. Bc2 Bd5 43. Bd3 Be4 44. Bb5 h5 45. Be2 f3 46. Bb5 h4 47. Bd7 Bf5 48. Bc6 Bg4 49. Kc3 Bc8 50. Bb5 Bb7 51. Bc4 Bc6 1/2-1/2